[Event "77th GEO-ch Women 2020"]
[Site "Tbilisi"]
[Date "2020.07.25"]
[Round "5.5"]
[White "Arabidze, Meri"]
[Black "Melia, Salome"]
[Result "1-0"]
[WhiteElo "2428"]
[BlackElo "2370"]
[Annotator "NA"]
[PlyCount "113"]
[EventDate "2020.07.21"]
[EventType "tourn"]
[EventCountry "GEO"]
[SourceTitle "playchess.com"]
[Source "ChessBase"]
[SourceQuality "1"]
[TimeControl "5400+30"]

1. d4 {[%emt 0:00:00]} Nf6 {[%emt 0:00:00]} 2. c4 {[%emt 0:00:00]} e6 {[%emt 0:00:00]} 3. Nf3 {[%emt 0:00:00]} d5 {[%emt 0:00:38]} 4. g3 {[%emt 0:00:16]} Be7 {[%emt 0:00:54]} 5. Bg2 {[%emt 0:00:20]} O-O {[%emt 0:00:10]} 6. O-O {[%emt 0:00:04]} dxc4 {[%emt 0:00:03]} 7. Qc2 {[%emt 0:00:28]} b5 {[%emt 0:00:30]} 8. a4 {[%emt 0:01:23]} b4 {[%emt 0:00:06]} 9. Nbd2 {[%emt 0:01:25]} Bb7 {[%emt 0:02:03]} 10. Nxc4 {[%emt 0:00:16]} c5 {[%emt 0:02:37]} 11. Rd1 {[%emt 0:02:33]} Be4 {[%emt 0:04:28]} 12. Qb3 {[%emt 0:06:22]} Nbd7 {[%emt 0:03:29]} 13. Bf4 {[%emt 0:29:13]} Bd5 {[%emt 0:11:43]} 14. Nfe5 {[%emt 0:03:40]} cxd4 {[%emt 0:13:54]} 15. Bxd5 {[%emt 0:15:01]} exd5 {[%emt 0:05:28]} 16. Nd2 {[%emt 0:04:24]} Nc5 {[%emt 0:05:23]} 17. Qf3 {[%emt 0:00:52]} Rc8 $11 {[%emt 0:03:10]} 18. Nb3 {[%emt 0:02:34]} d3 {[%emt 0:10:10]} 19. Nd4 {[%emt 0:00:28]} dxe2 {[%emt 0:00:27]} 20. Qxe2 {[%emt 0:00:11]} Re8 {[%emt 0:03:56]} 21. Qb5 {[%emt 0:11:38]} Qb6 {[%emt 0:17:59]} 22. Nec6 {[%emt 0:00:12]} Bf8 {[%emt 0:02:20]} 23. Nxb4 {[%emt 0:02:31]} Ne6 {[%emt 0:01:55]} 24. Qxb6 {[%emt 0:04:04]} axb6 {[%emt 0:00:02]} 25. Nbc6 {[%emt 0:01:00]} Nxf4 {[%emt 0:09:33]} 26. gxf4 {[%emt 0:00:06]} Bd6 {[%emt 0:00:03]} 27. b4 {[%emt 0:06:00]} Bxf4 {[%emt 0:00:02]} 28. a5 {[%emt 0:00:22]} bxa5 {[%emt 0:00:02]} 29. bxa5 {[%emt 0:00:10]} Nd7 {[%emt 0:00:37]} 30. a6 {[%emt 0:01:06]} Nb6 {[%emt 0:00:41]} 31. a7 {[%emt 0:01:09]} Na8 {[%emt 0:00:05]} 32. Rdb1 {[%emt 0:02:03]} Kf8 {[%emt 0:00:35]} 33. Rb7 {[%emt 0:01:40]} g6 {[%emt 0:02:22]} 34. Rab1 {[%emt 0:00:39]} Bd6 {[%emt 0:00:58]} 35. Rd7 {[%emt 0:02:04]} Bf4 {[%emt 0:00:01]} 36. Rxd5 {[%emt 0:02:37]} Bc7 {[%emt 0:00:29]} 37. Rdb5 {[%emt 0:00:25]} h5 {[%emt 0:00:38]} 38. Kg2 {[%emt 0:00:22]} Kg7 {[%emt 0:00:53]} 39. Rb7 {[%emt 0:00:49]} Kf8 {[%emt 0:00:17]} 40. R1b3 {[%emt 0:00:27]} Re4 {[%emt 0:00:46]} 41. Rb8 {[%emt 0:00:43]} Ree8 {[%emt 0:00:19]} 42. R3b7 {[%emt 0:00:42]} Bd6 {[%emt 0:00:34]} 43. Rb5 {[%emt 0:00:37]} Bc7 {[%emt 0:00:27]} 44. h3 {[%emt 0:00:13]} Bd6 {[%emt 0:00:20]} 45. Kf3 {[%emt 0:00:07]} Bc7 {[%emt 0:00:21]} 46. Kg2 {[%emt 0:00:09]} Bd6 {[%emt 0:00:16]} 47. Rxc8 {[%emt 0:01:15]} Rxc8 {[%emt 0:00:02]} 48. Rb8 {[%emt 0:00:17]} Re8 {[%emt 0:00:50]} 49. Nd8 {[%emt 0:00:21]} Nc7 {[%emt 0:01:15]} 50. Rc8 {[%emt 0:01:04]} Bc5 {[%emt 0:00:31]} 51. Rxc7 {[%emt 0:00:28]} Bxa7 {[%emt 0:00:22]} 52. Rxf7+ {[%emt 0:00:10]} Kg8 {[%emt 0:00:01]} 53. Rxa7 {[%emt 0:00:29]} Rxd8 {[%emt 0:00:06]} 54. Ne6 {[%emt 0:00:23]} Re8 {[%emt 0:01:37]} 55. Rg7+ {[%emt 0:00:45]} Kh8 {[%emt 0:00:01]} 56. Rxg6 {[%emt 0:00:06]} Kh7 {[%emt 0:00:08]} 57. Rf6 {[%emt 0:00:09]} 1-0

[Event "77th GEO-ch Women 2020"]
[Site "Tbilisi"]
[Date "2020.07.27"]
[Round "6.1"]
[White "Khotenashvili, Bela"]
[Black "Melia, Salome"]
[Result "1-0"]
[WhiteElo "2458"]
[BlackElo "2370"]
[Annotator "TA"]
[PlyCount "77"]
[EventDate "2020.07.21"]
[EventType "tourn"]
[EventCountry "GEO"]
[SourceTitle "playchess.com"]
[Source "ChessBase"]
[SourceQuality "1"]

{[%evp 23,77,-40,-45,-66,-43,-47,-57,-56,-40,-34,-52,-25,-37,-37,-29,-30,0,-7,0,-16,0,-7,38,25,23,35,45,8,27,-22,0,0,0,10,44,41,67,9,75,63,269,245,224,289,443,475,443,461,425,406,29984,29985,29985,29986,29986,29987]} 1. Nf3 Nf6 2. g3 d5 3. Bg2 e6 4. O-O Be7 5. d3 O-O 6. Nbd2 c5 7. e4 Nc6 8. Re1 Qc7 9. e5 Nd7 10. Qe2 b5 11. Nf1 a5 {11...Bb7 deserves study.} 12. h4 Ba6 13. Bg5 {C00: French: Unusual White 2nd moves.} Rfc8 14. Bxe7 Nxe7 {[#]} 15. c3 $146 {Black is slightly better.} ({Predecessor:} 15. h5 b4 16. h6 g6 17. Ng5 Bb7 18. Nh2 Nf5 19. Ng4 Qd8 20. Qd2 c4 21. Kh2 {½-½ (49) Zigo,V (2300)-Vlk,M (2115) Czechia 2005}) 15... Rab8 16. h5 h6 17. g4 b4 18. g5 hxg5 19. Nxg5 Nf8 20. Ng3 bxc3 21. bxc3 Nc6 22. Rad1 Re8 23. Nf3 Nh7 24. Qd2 Qe7 25. Qf4 Kh8 26. h6 gxh6 27. Qxh6 {Nh5 is the strong threat.} Rg8 28. c4 dxc4 29. dxc4 Rg6 30. Qh5 ({White should try} 30. Qh3 $14) 30... Bb7 {[#]} (30... Bxc4 $11 31. Re4 Bxa2) 31. Re4 $1 $16 {[%cal Re4h4] Black must now prevent Rh4.} Nd4 $2 {This move loses the game for Black.} (31... Qf8 $14) 32. Rh4 $40 {[%csl Gh4][%cal Rh5h7][%mdl 128] White goes for the king.} ({But not} 32. Nxd4 $6 Bxe4 33. Bxe4 cxd4 $18) 32... Nxf3+ 33. Bxf3 {[%csl Gh4][%cal Rh5h7]} Rg7 (33... Qxh4 $142 34. Qxh4 Bxf3 35. Rd8+ Rxd8 36. Qxd8+ {[%mdl 64] Double Attack} Kg7 37. Qxa5 Rg4 38. Qxc5 Be2) 34. Rb1 Qc7 {Black wants to play ...Bxf3.} 35. Rxb7 {[%mdl 64] Remove Defender} Rxb7 {[#]} 36. Be4 $1 {[%cal Re4h7]} f5 (36... Kg8 $18 37. Bxh7+ Kf8) 37. exf6 {White mates.} Rxg3+ 38. fxg3 Qxg3+ 39. Kf1 {Accuracy: White = 86%, Black = 49%.} 1-0

[Event "77th GEO-ch Women 2020"]
[Site "Tbilisi"]
[Date "2020.07.27"]
[Round "6.2"]
[White "Khomeriki, Nino"]
[Black "Arabidze, Meri"]
[Result "1/2-1/2"]
[WhiteElo "2319"]
[BlackElo "2428"]
[Annotator "TA"]
[PlyCount "74"]
[EventDate "2020.07.21"]
[EventType "tourn"]
[EventCountry "GEO"]
[SourceTitle "playchess.com"]
[Source "ChessBase"]
[SourceQuality "1"]

{[%evp 17,74,18,14,15,15,15,7,0,39,39,49,26,70,65,62,25,62,22,21,18,97,-43,-57,-41,-35,-38,14,13,12,26,32,34,68,72,62,8,10,-53,16,13,9,9,0,3,18,-15,-15,-15,-15,-15,-8,-11,18,0,0,-20,22,0,0]} 1. d4 Nf6 2. c4 e6 3. Nf3 b6 4. g3 Ba6 5. b3 Bb7 6. Bg2 Bb4+ 7. Bd2 a5 8. Nc3 O-O 9. O-O d5 10. cxd5 {E15: Queen's Indian: 4 g3 sidelines, 4 g3 Ba6 and 4 g3 Bb7 early deviations.} exd5 11. a3 Be7 12. Ne5 {[#]} c5 $146 ({Predecessor:} 12... Na6 13. Bc1 c5 14. Bb2 Nc7 15. e3 Ne6 16. Ne2 Rc8 17. Rc1 Ne4 18. dxc5 bxc5 {0-1 (75) Kantor,G (2403)-Antic,D (2487) Heviz 2015}) 13. dxc5 bxc5 14. Rc1 Na6 15. Na4 Rb8 16. Bg5 Ne4 17. Bf4 {[#] Black must now prevent Bxe4.} f5 18. f3 Ng5 (18... Nf6 $11 {keeps the balance.}) 19. Qd3 (19. Bxg5 $16 Bxg5 20. f4) 19... Ne6 $15 20. Be3 f4 21. gxf4 Nxf4 ({Black should try} 21... Qd6 $15) 22. Bxf4 $11 Rxf4 23. e3 Rf8 24. f4 Qd6 25. Rfd1 Rfd8 26. Rd2 (26. Qf5 $14) 26... Bf6 27. Nc4 (27. Rdc2 $11) 27... Qc7 (27... Qe7 $1 $15 28. Nxa5 Ba8) 28. Ncb6 {[%cal Rb6d5] The position is equal.} c4 29. bxc4 d4 $1 30. Bxb7 Qxb7 31. e4 {[#] Threatens to win with c5.} Nc5 $1 {[%cal Rc5d3]} 32. Nxc5 Qxb6 33. Na4 Qc6 34. Nb2 Qc5 35. Na4 Qc6 36. Nb2 Qc5 37. Na4 Qc6 {Accuracy: White = 60%, Black = 69%.} 1/2-1/2

[Event "77th GEO-ch Women 2020"]
[Site "Tbilisi"]
[Date "2020.07.27"]
[Round "6.3"]
[White "Vakhania, Alexsandra"]
[Black "Javakhishvili, Lela"]
[Result "0-1"]
[WhiteElo "2138"]
[BlackElo "2475"]
[Annotator "TA"]
[PlyCount "145"]
[EventDate "2020.07.21"]
[EventType "tourn"]
[EventCountry "GEO"]
[SourceTitle "playchess.com"]
[Source "ChessBase"]
[SourceQuality "1"]

{[%evp 12,145,28,10,2,-4,8,-4,-3,-32,-29,-30,-32,-31,-24,-54,-53,-71,-65,-65,-50,-48,-20,-174,-59,-80,-75,-42,-20,-23,-27,-49,-10,-11,-16,-19,-19,-35,-11,-114,-120,-194,-199,-194,-173,-193,-186,-191,-171,-1020,-999,-950,-797,-1070,-1066,-2251,-1991,-1885,-1573,-1412,-1427,-1152,-984,-931,-909,-818,-541,-1248,-557,-450,-24,-131,-131,-131,-129,-169,-185,-100,-19,-22,0,0,0,0,0,-3,0,-122,-112,-107,-95,-202,-187,-167,-174,-200,-7,-208,-154,-129,-62,-68,0,0,0,0,0,0,0,0,0,0,0,-29939,-12846,-12672,0,-160,0,-11159,-6150,-29978,-29979,-29979,-29980,-29980,-29981,-29981,-29981,-29981,-29982,-29982,-29983,-29983,-29982,-29984]} 1. c4 Nf6 2. Nc3 g6 3. g3 Bg7 4. Bg2 O-O 5. e4 c5 6. Nge2 Nc6 7. d3 a6 {A36: Symmetrical English vs ...g6: 4 Bg2 Bg7.} 8. Be3 d6 9. h3 Rb8 {The position is equal.} 10. Qd2 b5 11. Rc1 {[#]} Nd7 $146 ({Predecessor:} 11... Bd7 12. f4 Ne8 13. g4 Nd4 14. b3 a5 15. Bxd4 cxd4 16. Nxb5 Bxb5 17. cxb5 Rxb5 {½-½ (55) Ujtelky,M-Hybl,J Brno 1964}) 12. b3 Nd4 13. f4 b4 14. Na4 Bb7 15. O-O Bc6 16. Nb2 f5 17. g4 $2 (17. Bxd4 $11 {and White has nothing to worry.} cxd4 18. exf5 Bxg2 19. Kxg2) 17... e6 (17... fxg4 $1 $19 18. hxg4 e5 19. Bxd4 cxd4) 18. exf5 Bxg2 $1 ({Don't blunder} 18... gxf5 $2 19. Bxd4 Bxg2 20. Bxg7 $18 (20. Kxg2 cxd4 21. Ng3 Nc5 $11)) 19. Kxg2 Nxe2 20. Qxe2 exf5 21. Rc2 Qf6 22. Qf3 Rbe8 23. Nd1 fxg4 24. hxg4 Qf7 $36 {[%mdl 2048] Black is pushing.} 25. Nf2 {[#]} (25. Re2 $11) 25... Ne5 $1 $17 {[%cal Re5f3][%mdl 512]} 26. Qg3 (26. Qe2 $17 {might work better.} Qb7+ 27. Kg3) (26. fxe5 Qxf3+) 26... Qb7+ $19 27. Kh3 h5 28. Bc1 hxg4+ 29. Nxg4 Rf5 $1 {[%cal Rf5h5]} 30. Nxe5 $2 (30. Qg2 Qf7 31. Nxe5 dxe5 32. Qd5) 30... Rh5+ 31. Kg4 dxe5 32. Qg2 Qd7+ 33. Kg3 Qxd3+ 34. Rf3 Qf5 35. Re2 exf4+ 36. Bxf4 Rf8 37. Rf1 Kh7 38. Rf3 Rf7 39. Rf1 Bf6 (39... Bd4 $142 {White must now prevent ...Qf6!} 40. Ree1 Qf6) 40. Rh1 Bd4 $2 ({Black should play} 40... Kg7 $19 41. Qf3 Rxh1 42. Qxh1 g5) 41. Rxh5+ (41. Qe4 $11) 41... gxh5 $17 ({But not} 41... Qxh5 $6 42. Qe4 $11) 42. Qe4 Kg6 $1 43. Kf3 Qxe4+ 44. Rxe4 $19 {[%mdl 4096] Endgame KRB-KRB} Kf5 (44... Bg7 $1 $17 {[%cal Rg7h6] Hoping for ...Bh6.} 45. Re6+ Rf6 46. Rxf6+ Bxf6) 45. Re8 $1 $11 h4 46. Rg8 Bg7 47. Rc8 Bd4 48. Rg8 Rh7 49. Rf8+ (49. Rg5+ $11 {remains equal.} Ke6 50. Rd5) 49... Bf6 $1 $17 50. Rc8 {[#]} Be7 $1 51. Rc6 (51. Rc7 $17 h3 52. Rd7) 51... h3 $19 {aiming for ...h2.} 52. Bh2 a5 53. Ra6 {[#]} Kg5 $2 (53... Rf7 $1 $19 {...Rf8 is the strong threat.} 54. Rxa5 Kg5+ 55. Ke2 Rf8) 54. Rxa5 $2 (54. Bf4+ $1 $11 Kf5 55. Bh2) 54... Rf7+ 55. Ke2 Bf8 ({Black should try} 55... Kg4 $17 {And now ...Bh4 would win.} 56. Ra7 Rg7) 56. a3 $1 $15 {[%cal Ra3b4]} Kg4 ({Better is} 56... bxa3 $15 57. Rxa3 Kh4) 57. axb4 $11 cxb4 58. Rd5 Re7+ 59. Kf2 Bg7 60. Bd6 Ra7 61. Rd2 Bc3 62. Re2 $2 {[%mdl 8192]} (62. Rd1 $11) 62... Bd4+ 63. Ke1 Bc3+ $2 (63... Kf3 $19 {has better winning chances.} 64. Re8 Ra2) 64. Kf2 $17 Bd4+ $2 (64... Ra3 $17 65. Re7 Rxb3) 65. Ke1 $19 {Threatens to win with Re4+.} Kf3 66. Rh2 Ra1+ {Black mates.} 67. Kd2 Ra2+ 68. Kd3 Rxh2 69. Bxh2 Bc5 70. Be5 Bf2 71. c5 Bxc5 72. Kc4 Bf8 73. Kd4 {Accuracy: White = 58%, Black = 71%.} 0-1

[Event "77th GEO-ch Women 2020"]
[Site "Tbilisi"]
[Date "2020.07.27"]
[Round "6.4"]
[White "Tsotsonava, Elene"]
[Black "Batsiashvili, Nino"]
[Result "0-1"]
[WhiteElo "2012"]
[BlackElo "2457"]
[Annotator "TA"]
[PlyCount "74"]
[EventDate "2020.07.21"]
[EventType "tourn"]
[EventCountry "GEO"]
[SourceTitle "playchess.com"]
[Source "ChessBase"]
[SourceQuality "1"]

{[%evp 17,74,0,-5,-8,-16,-17,-10,-22,-20,-18,-20,-20,-24,-42,-47,-46,-44,-47,-41,-41,-46,-79,-83,-146,-139,-154,-145,-172,-146,-152,-131,-133,-127,-160,-152,-193,-180,-179,-183,-205,-184,-199,-122,-127,-118,-124,-120,-163,-148,-166,-170,-384,-384,-384,-384,-376,-375,-453,-460]} 1. e4 e5 2. Nf3 Nc6 3. Bb5 a6 4. Ba4 Nf6 5. O-O b5 6. Bb3 Bc5 7. c3 d6 8. d4 Bb6 9. h3 O-O 10. a3 {C78: Ruy Lopez: Archangelsk and Möller Defences.} h6 11. Be3 Bb7 12. Nbd2 {[#] The position is equal.} exd4 $146 ({Predecessor:} 12... Re8 13. Bc2 Na5 14. Qb1 c5 15. d5 c4 16. Bxb6 Qxb6 17. Qd1 Qd8 18. Nh2 Bc8 {0-1 (37) Schoorl,R (2363)-Demuth,A (2479) Wijk aan Zee 2012}) 13. cxd4 Na5 14. Bc2 Re8 {[%cal Rf6e4]} 15. d5 Bxe3 16. fxe3 c6 $36 {[%mdl 2048] Black is more active.} 17. b4 Nc4 18. Nxc4 $1 bxc4 19. dxc6 Bxc6 20. Nd4 ({Better is} 20. Rc1) 20... Bxe4 $17 21. Bxe4 Nxe4 22. Qf3 Qf6 23. Qh5 Re5 24. Rxf6 Rxh5 25. Rf4 Re5 26. Raf1 f6 27. Rc1 d5 28. a4 Nd6 29. Nf3 Re4 (29... Rxe3 $19 {Hoping for ...Ne4.} 30. Rd4 Ne4 31. Rxd5 Nc3) 30. Rd1 Rxf4 31. exf4 {[%mdl 4096] Endgame [#] KRN-KRN} c3 $1 {Threatens to win with ...Rb8.} 32. Ne1 Re8 {And now ...Re2 would win.} 33. Kf1 Nc4 {...Ne3+ is the strong threat.} 34. Rd3 $2 (34. Nc2) 34... Ne3+ $19 35. Kf2 c2 36. Nxc2 Nxc2 37. Rxd5 Nxb4 {Accuracy: White = 60%, Black = 88%.} 0-1

[Event "77th GEO-ch Women 2020"]
[Site "Tbilisi"]
[Date "2020.07.27"]
[Round "6.5"]
[White "Gvetadze, Sofio"]
[Black "Khukhashvili, Sopiko"]
[Result "1-0"]
[WhiteElo "2308"]
[BlackElo "2339"]
[Annotator "TA"]
[PlyCount "114"]
[EventDate "2020.07.21"]
[EventType "tourn"]
[EventCountry "GEO"]
[SourceTitle "playchess.com"]
[Source "ChessBase"]
[SourceQuality "1"]

{[%evp 9,114,-36,18,0,0,-9,1,-2,10,0,7,0,106,0,-6,-4,18,0,0,-95,-80,-178,-163,-127,-74,-82,-44,-58,0,-138,-125,-141,-116,-238,79,-160,0,0,239,215,212,212,204,204,401,137,136,-133,148,136,144,139,141,129,135,79,72,69,75,25,48,58,55,44,221,143,139,143,143,125,116,127,120,136,258,200,204,199,191,128,181,182,163,141,223,231,360,343,319,193,400,385,378,381,359,375,357,358,581,570,1122,900,5085,5181,5073,5022,29985]} 1. e4 c5 2. Nf3 d6 3. b3 Nf6 4. Nc3 a6 5. a4 b6 (5... Nc6 $15) 6. Bc4 {B50: Sicilian: 2...d6, Miscellaneous.} e6 {[#]} 7. O-O $146 ({Predecessor:} 7. Qe2 Nc6 8. O-O Be7 9. e5 dxe5 10. Nxe5 Nd4 11. Qd1 Qc7 12. f4 Bb7 13. Ne2 {0-1 (44) Stefanova,M (2034)-Andreeva,P (2090) Pernik 2007}) 7... Bb7 8. Re1 {The position is equal.} Nc6 9. d4 cxd4 10. Nxd4 Ne5 (10... Nxd4 $11 {keeps the balance.} 11. Qxd4 Be7) 11. Bf1 (11. Bxe6 $1 $16 fxe6 12. Nxe6) 11... Qc7 $11 12. Bb2 g5 13. Qd2 g4 14. f4 (14. Rad1 $11) 14... gxf3 $1 $17 15. gxf3 (15. Nxf3 $17 Nfg4 16. Kh1) 15... Rg8+ 16. Kh1 Rg6 (16... d5 $142 {...Nxf3! is the strong threat.} 17. exd5 Nxd5 18. Nxd5 Bxd5) 17. Rad1 Bh6 18. Qf2 $1 {Threatens to win with Ndb5!} Qc5 ({Better is} 18... Rd8 $15) 19. Bg2 (19. b4 $1 $11 {remains equal.} Qxb4 20. Nb3) 19... O-O-O $1 20. Bh3 Kb8 21. Nb1 (21. Rg1 $17) 21... b5 $2 (21... Bf4 $1 $19 22. Ba3 Qc7) 22. b4 $2 (22. axb5 $16 axb5 23. Nc3) 22... Qa7 $2 (22... Qxb4 $17 23. Nxe6 Neg4 24. Bxg4 Nxg4) 23. axb5 $11 Nc4 $2 (23... Bf4 $11) 24. Nc6+ $18 Bxc6 25. Bd4 $1 {[%cal Rd4a7]} Qc7 26. bxc6 e5 $2 {[#]} (26... Qxc6 {was called for.} 27. Rd3 e5) 27. Ba7+ $2 (27. Na3 $1 $18 {[%mdl 512] is the precise move to win.} exd4 (27... Nxa3 28. Bb6) 28. Nxc4) 27... Qxa7 $16 28. Qxa7+ Kxa7 29. c7 Rdg8 30. c8=Q Rxc8 31. Bxc8 Bf4 32. Rd3 (32. Re2 $142) 32... Rh6 33. Re2 Nh5 34. Kg1 {Hoping for Bg4.} Bc1 35. Re1 {Strongly threatening Rc3.} Nf4 $1 36. Rc3 Nb6 $2 ({Black should try} 36... Nd2 $1 $14) 37. Bf5 Kb7 {intending ...Bb2.} 38. Rb3 {And now Kh1 would win.} (38. Rxc1 $6 Ne2+ 39. Kf1 Nxc1 $11) 38... Nc4 39. Kh1 Bb2 {[#]} 40. Rg1 $1 Bd4 41. Rg7 Ne2 (41... Rf6 $16 42. Bxh7 (42. Rxh7 d5 $16) 42... Nh3) 42. Na3 Nd2 43. Rd3 (43. Rxf7+ $6 Kb8 $16) 43... Nf1 {[%csl Gf1][%cal Rh6h2] [#]} 44. Rxh7 (44. Kg2 $1 $18 {[%cal Rg2f1]} Ne3+ 45. Rxe3 (45. Kh1 Rf6 $14) 45... Bxe3 46. Rxf7+ Kb8 47. Nc4 (47. Rxh7 Rxh7 48. Bxh7 Bd2 $16)) 44... Nfg3+ (44... Rxh7 $16 45. Bxh7 Nf4) 45. Kg2 $18 Nxf5 46. Rxf7+ {[%mdl 64] Double Attack} Kc6 (46... Ne7 $16) 47. Rxf5 Bg1 (47... Rg6+ {is a better defense.} 48. Kf1 (48. Kh3 Bf2 $16) 48... Rg1+ 49. Kxe2 Rg2+ {[%mdl 64] Double Attack} 50. Ke1 Rg1+ 51. Kd2 Rg2+ 52. Kc1 Rg1+ 53. Rd1 (53. Kd2 Rg2+ 54. Kc1 Rg1+ 55. Kd2 $18) 53... Be3+ 54. Kb2 Rxd1) 48. Kf1 Rxh2 49. Nc4 Ba7 $2 (49... Bd4) 50. Rxd6+ Kb5 51. Nxe5 Ng3+ 52. Ke1 Nxf5 53. exf5 {Black must now prevent f6.} Kxb4 $2 (53... Bf2+ 54. Kd1 Bg3) 54. f6 {White is clearly winning.} Kc3 55. Rc6+ Kd4 56. f7 Rh8 57. Ng6 Kd5 {Accuracy: White = 58%, Black = 48%.} 1-0

[Event "77th GEO-ch Women 2020"]
[Site "Tbilisi"]
[Date "2020.07.28"]
[Round "7.1"]
[White "Khukhashvili, Sopiko"]
[Black "Khotenashvili, Bela"]
[Result "1/2-1/2"]
[WhiteElo "2339"]
[BlackElo "2458"]
[Annotator "TA"]
[PlyCount "134"]
[EventDate "2020.07.21"]
[EventType "tourn"]
[EventCountry "GEO"]
[SourceTitle "playchess.com"]
[Source "ChessBase"]
[SourceQuality "1"]

{[%evp 9,134,-6,-6,-32,-4,-12,-11,-23,-8,-29,-36,-31,0,-39,-23,-33,-50,-100,-8,-43,-49,-57,-70,-41,-39,-48,0,0,0,0,0,0,0,0,0,0,0,0,0,-117,-113,-147,-125,-132,-16,-11,-17,-20,-20,-60,0,0,0,0,0,0,0,0,0,0,0,0,0,-4,0,-8,-8,-8,0,0,0,0,0,0,0,0,0,0,0,0,0,0,0,0,0,0,0,0,0,0,0,0,0,0,0,0,0,0,0,0,0,0,0,0,0,0,0,0,0,0,0,0,0,0,0,0,0,0,0,0,0,0,0,0,0,0,0]} 1. e4 e5 2. d4 exd4 3. Qxd4 Nc6 4. Qc4 Nf6 5. Nc3 Bb4 6. Bd2 {C22: Centre Game.} O-O {Hoping for ...Bxc3.} 7. O-O-O $1 Bxc3 (7... a5 {with more complications.} 8. f3 d6 9. Qe2 Rb8 10. h4 Be6) 8. Bxc3 {[#]} b5 $146 {[%cal Bb7b5,Bb5b4][%mdl 32]} ({Predecessor:} 8... Re8 9. f3 d6 10. g4 Be6 11. Qe2 Qe7 12. h4 Rad8 13. h5 d5 14. g5 Nd7 {1-0 (49) Miller,B-Faulks,W Southampton 2003}) 9. Qe2 (9. Bxf6 $5 Qxf6 10. Qc5 $11) 9... b4 10. Be1 Qe7 11. f3 (11. e5 $5 Qxe5 12. Qxe5 Nxe5 13. Bxb4 $15) 11... a5 {[%cal Ba7a5,Ba5a4,Ba4a3][%mdl 32]} 12. Nh3 a4 13. e5 {[#]} Nxe5 (13... a3 $1 $17 14. exf6 Qxf6) 14. Bxb4 Qxb4 15. Qxe5 a3 16. b3 Ra5 17. Qd4 Nd5 18. Qxb4 Nxb4 19. c3 $1 {[%cal Rc3b4]} Rc5 $36 {[%mdl 2048] Black has some pressure.} 20. Bc4 Nxa2+ {[%mdl 64] Double Attack} 21. Kc2 d6 {And now ...Bf5+ would win.} 22. Rd5 Rxd5 23. Bxd5 Re8 {Threatens to win with ...Re2+.} 24. Be4 {[#]} (24. b4 $1 $11 {keeps the balance.}) 24... d5 $1 $17 {[%cal Rd5e4][%mdl 512]} 25. Bxd5 {[#]} Re2+ $1 26. Kd3 Ba6+ (26... Rxg2 $17 27. Nf4 Rb2) 27. Bc4 $11 Bxc4+ 28. bxc4 Rxg2 {[%mdl 4096] Endgame KRN-KRN} 29. Nf4 Rf2 (29... Rb2 $1 $15) 30. Ne2 $1 {Ke3 is the strong threat.The position is equal.} Rxf3+ 31. Kd2 $1 Rh3 32. Ra1 {[#]} Nxc3 $1 {[%mdl 512]} 33. Nxc3 Rxh2+ {KRN-KR} 34. Kd3 Rh3+ 35. Kc2 h5 36. Rxa3 h4 37. Kd2 Rg3 38. Ra1 h3 39. Ne2 Rb3 40. Rg1 f6 41. Nc3 Rb2+ 42. Ke3 Kf7 (42... g5 {is more complex.} 43. Nd5 Kf7 44. Nxc7 h2 45. Rh1 f5) 43. Rh1 h2 44. Ne2 Rb3+ 45. Kf2 Rb4 46. c5 Rc4 47. Rxh2 Rxc5 48. Ke3 g5 49. Kd4 Rc6 50. Rg2 Rd6+ 51. Ke4 c5 52. Rg3 Re6+ 53. Kd3 c4+ 54. Kd2 Re4 55. Ra3 Kg6 56. Ng3 Rd4+ 57. Ke3 Rd6 58. Rc3 Rc6 59. Ke4 f5+ 60. Nxf5 {Strongly threatening Ne7+.} Re6+ 61. Kf3 Kxf5 62. Rxc4 {KR-KR} Re5 63. Ra4 Rb5 64. Ra3 Kg6 65. Ra8 Rb3+ 66. Kg4 Rb4+ 67. Kg3 Kf5 {Accuracy: White = 90%, Black = 87%.} 1/2-1/2